| 000 | 00427cam a22001337a 4500 | ||
|---|---|---|---|
| 008 | 180718b1986 xxu||||| |||| 00| 0 eng d | ||
| 082 | _aK11x94 W171 | ||
| 100 | _aWalter, James | ||
| 245 |
_aThe ministers minders: personal advisers in national government _cby James Walter |
||
| 260 |
_aMelbourne _bOxford University _c1986 |
||
| 300 | _a237p. | ||
| 650 | _aPoliticians --Australia | ||
| 650 | _aPolitical consultants --Australia | ||
| 999 |
_c356831 _d356831 |
||